Score 0/16 Timer 03:00
0 Plays Today
Hint Missing Word % Correct
Michael FassbenderBasterds
94.2%
Michael ShannonMan
92.9%
Michael FassbenderJane
89.9%
Michael ShannonPearl
89.8%
Michael ShannonTrade
88.9%
Michael ShannonBoys
84.8%
Michael ShannonSky
80.7%
Michael FassbenderFirst
79.9%
Hint Missing Word % Correct
Michael ShannonRoad
61.5%
Michael FassbenderYears
57.2%
Michael FassbenderHex
26.8%
Michael ShannonRush
17.9%
Michael ShannonTheft
14.9%
Michael FassbenderMethod
12.2%
Michael FassbenderTank
7.4%
Michael FassbenderLake
6.7%

Today's Daily Dose

Remove Ads.
Support Sporcle.
Get the best of Sporcle when you Go Orange. This ad-free experience offers more features, more stats, and more fun while also helping to support Sporcle. Thank you for becoming a member.

You're not logged in!

Compare scores with friends on all Sporcle quizzes.
OR
Log In

Show Comments

Extras

Top Quizzes Today


Score Distribution

Your Account Isn't Verified!

In order to create a playlist on Sporcle, you need to verify the email address you used during registration. Go to your Sporcle Settings to finish the process.

Report this User

Report this user for behavior that violates our Community Guidelines.

Details: